Flächenmäßig größten US-Bundesstatten - Statistiken

Allgemein
  • Dieses Quiz wurde 138 mal gespielt
  • Das Durchschnittsergebnis liegt bei 7 aus 10
Antwortstatistiken
Rang Antwort % Korrekt
2 Texas
98%
1 Alaska
96%
3 Kalifornien
96%
7 Nevada
77%
6 Arizona
70%
8 Colorado
68%
4 Montana
67%
10 Wyoming
65%
9 Oregon
62%
5 New Mexiko
49%
Keine übereinstimmenden Quizze gefunden
Verteilung der Resultate
Anzahl Personen mit jedem Resultat
Perzentil nach korrekt beantworteten Fragen
Ihre Resultats-Entwicklung
Sie haben dieses Quiz noch nicht gespielt